zpět

Detail výsledku týmu

Bristol, Olomouc

Datum a čas kvízu

22.5 Celkem bodů Celkový počet nahraných bodů na tomto kvízu bez doplňovacích otázek.
7. Pořadí na kvízu Konečné umístění týmu na tomto kvízu.

Zaznamenané odpovědi

# Otázka Odpověď Body Výsledky
1. Jedinou ženou zvolenou v pátek... Žídková 0
2. Ve středu lehla popelem zbrusu... v Německu 1
3. Na úterním pražském koncertu d... Jonas Brothers 1
4. Výrobce obuvi Crocs přišel s o... pro psy 1
5. Který český fotbalový útočník... Jakub Řezníček 0
6. Tentokrát se v gastronomickém... tenderizér 1
7. Napište dvě slova pocházející... sous-vide 1
8. Nyní se podíváme na symboly, k... č. 4 0
9. Napište značku nádobí, kterou... Remoska 0
10. Tento nástroj je používán při... ústřice 0